| 000 | 00343nam a22001217a 4500 | ||
|---|---|---|---|
| 999 |
_c3620 _d3620 |
||
| 005 | 20201209103855.0 | ||
| 008 | 201209b ||||| |||| 00| 0 eng d | ||
| 020 | _a0199148392 | ||
| 040 | _cCML | ||
| 245 |
_aGod and Morality. _cWright C. |
||
| 260 |
_aOxford _bOxford University _c2003 |
||
| 942 |
_2ddc _cBK _e1st Edition _h291 _mWRI |
||